MASTER TECHNIQUES IN ORTHOPAEDIC SURGERY : THE WRIST / (Record no. 797229)

MARC details
000 -LEADER
fixed length control field 00434pam a2200157 a 4500
020 ## - INTERNATIONAL STANDARD BOOK NUMBER
International Standard Book Number 0781723728
Terms of availability
041 ## - LANGUAGE CODE
Language code of original
082 ## - DEWEY DECIMAL CLASSIFICATION NUMBER
Classification number 617.574
Item number GEL
100 ## - MAIN ENTRY--PERSONAL NAME
Personal name GELBERMAN, R .
245 ## - TITLE STATEMENT
Title MASTER TECHNIQUES IN ORTHOPAEDIC SURGERY : THE WRIST /
Statement of responsibility, etc. NULL.
Medium Textual Documents
250 ## - EDITION STATEMENT
Edition statement 2 /
Remainder of edition statement .
260 ## - PUBLICATION, DISTRIBUTION, ETC.
Place of publication, distribution, etc. NULL :
Name of publisher, distributor, etc. LIPPINCOTT WILLIAMS & WILKINS ,
Date of publication, distribution, etc. 2002.
300 ## - PHYSICAL DESCRIPTION
Extent 503 :
Other physical details XVIII ;
Dimensions A4 .
650 ## - SUBJECT ADDED ENTRY--TOPICAL TERM
Topical term or geographic name entry element ORTHO
930 ## - EQUIVALENCE OR CROSS-REFERENCE-UNIFORM TITLE HEADING [LOCAL, CANADA]
Uniform title 2694
Holdings
Withdrawn status Lost status Damaged status Not for loan Home library Current library Date acquired Source of acquisition Cost, normal purchase price Total Checkouts Full call number Barcode Date due Date last seen Date last checked out Copy number Price effective from Koha item type
        Medical College & Hospital, Sangli Medical College & Hospital, Sangli 28/11/2011 10350.80 1 617.574 GEL MCS-6310 01/10/2043 06/10/2023 06/10/2023 1 26/07/2023 Book